000 00931nam a2200205Ia 4500
003 Ost
005 20260507075515.0
008 260507s9999||||xx |||||||||||||| ||und||
040 _cfsecg
041 _aara
082 _a332.17
100 _aالصرن، رعد حسن
_eمؤلف
245 0 _aعولمة جودة الخدمة المصرفية /
_c رعد حسن الصرن
260 _aدمشق:
_bدار التواصل العربي,
_c2007
300 _a357 صفحة؛
_bإيضاحات ؛
_c25 سم
504 _aببليوغرافيا:ص ص.331-357
520 _aالمرتكزات الأساسية لعولمة جودة الخدمات المصرفية،العولمة وعلاقاتها بجودة الخدمة والخدمة المصرفية،جودة الخدمة وتطبيقاتها في المصارف،الخدمة المصرفية
653 _aالبنوك-الحسابات المصرفية
942 _cكتاب
999 _c44750
_d44750